Nükleer tehlike (Record no. 3137)

MARC details
000 -BAŞLIK
Sabit Uzunlukta Kontrol Alanı 00710na a2200241 4500
001 - KONTROL NUMARASI
Denetim Alanı 17694
003 - KONTROL NUMARASI IDENTIFIER
Denetim Alanı MIRAKIL
005 - SON İŞLEM TARİHİ VE ZAMANI
Denetim Alanı 20181213154921.0
008 - SABİT-BOY VERİ ELEMANLARI - GENEL BİLGİLER
Sabit Uzunlukta Kontrol Alanı 161101b tu 000 0
040 ## - KATALOGLAMA KAYNAK
Orijinal Kataloglama Ajansı Milas
Kataloglama Dili tur
Metne Dönüştürmek Ajansı TR-AnCHP
041 ## - DİL KODU
Metin / Ses Parça Veya Ayrı Başlığın Dil Kodu tur
082 ## - DEWEY ONLU SINIFLANDIRMA NUMARASI
Sınıflandırma Numarası 355.0217
Ürün Numarası G36n 1983
090 ## - SINIFLAMA NUMARASI
Sınıflama Numarası 355.0217 G36n 1983
100 ## - ANA GİRİŞ - KİŞİSEL İSİM
Kişisel Ad Gerger, Haluk
245 ## - BAŞLIK TABLOSU
Başlık Nükleer tehlike
Başlığın Kalan Nükleer silahlar ve nükleer savaş
Sorumluluk Tablosu, Vb Haluk Gerger
246 ## - UNVAN FORM VARYING
Başlık Doğru / Kısa Başlığı Nükleer silahlar ve nükleer savaş
260 ## - YAYIN, DAĞITIM, VB
Yayın, Dağıtım, Vb Yeri Ankara
Yayıncı, Dağıtıcı, Vs Adı Bilim ve Sanat Yayınları
Yayın, Dağıtım, Vb Tarihi 1983
300 ## - FİZİKSEL TANIM
Kapsam 152 s.
Diğer Fiziksel Ayrıntıları res.; şkl.
Boyutlar 20 sm.
490 ## - SERİSİ TABLOSU
Seri Beyanı Bilim ve Sanat Yayınları
Hacim / Ardışık Tanımı 2
504 ## - KAYNAKÇA VB NOT
Kaynakça Vb Notu Dizin var.
650 ## - KONU KATMA GİRİŞ - TOPİKAL DÖNEM
Topikal Süreli Veya Coğrafi Ad Giriş Elemanı Nükleer enerji
Genel Alt Bölümü Zararlar
942 ## - EKLENDİ GİRİŞ ELEMANLARI (KOHA)
Sınıflandırma Veya Raf Düzeni Kaynak Dewey Decimal Classification
Koha Öğesi Türü Books
999 ## - SİSTEM KONTROL NUMARALARI (KOHA)
Koha Biblionumber 3137
Koha Biblioitemnumber 3137
Holdings
Kalıcı Konum Mevcut Konum Edinme Tarihi Edinim Kaynak Toplam Check-Out'Lar Tam Çağrı Numarası Barkod Tarih Son Görülme İtibaren Geçerli Fiyatlar Koha Öğesi Türü
CHP Kütüphanesi CHP Kütüphanesi 11/01/2016 Bağış   355.0217 G36n 1983 005998 11/01/2016 11/01/2016 Books